Electricity 4 : (Record no. 592543)
[ view plain ]
| 000 -LEADER | |
|---|---|
| fixed length control field | 01351nam a22001457a 4500 |
| 040 ## - CATALOGING SOURCE | |
| Transcribing agency | NUST |
| 082 ## - DEWEY DECIMAL CLASSIFICATION NUMBER | |
| Classification number | 537,ALE |
| 100 ## - MAIN ENTRY--PERSONAL NAME | |
| Personal name | Alerich, Walter N |
| 9 (RLIN) | 62349 |
| 245 ## - TITLE STATEMENT | |
| Title | Electricity 4 : |
| Remainder of title | Motors, Controls, Alternators / |
| Statement of responsibility, etc. | Walter N. Alerich |
| 250 ## - EDITION STATEMENT | |
| Edition statement | 4th ed. |
| 260 ## - PUBLICATION, DISTRIBUTION, ETC. | |
| Place of publication, distribution, etc. | India |
| Name of publisher, distributor, etc. | Delmar |
| Date of publication, distribution, etc. | 1986 |
| 300 ## - PHYSICAL DESCRIPTION | |
| Extent | 256 p.: |
| 505 ## - FORMATTED CONTENTS NOTE | |
| Formatted contents note | Physical and Electrical Characteristics of Three-Phase Alternators (Page-1), Engine-Driven Generating Sets (Page-15), Parallel Operation of Three-Phase Alternators (Page-21), Wring for Alternators (Page-31), Summary Review of 1-4 (Page-43), Three-Phase, Squirrel-Cage Induction Motor (Page-47), Electromagnetically and Solid-State Relays (Page-67), Stating Three-Phase, Squirrel-Cage Induction Motors (Page-73), Manual Starting Compensatory (Page-87), Three-Phase, Wound-Rotor Induction Motor (Page-93), Manual Speed Controllers for Wound-Rotor Induction Motors (Page-105), The Synchronous Motor (Page-117), Controllers for Three-Phase Motors (Page-127), Three-Phase Motor Installations (Page-155), Motor Maintenance (page-171), Summary Review of Units 6-15 (Page-187), Selsyn Units (Page-197), Single-Phase Induction Motors (Page-203), Repulsion Motors (Page-219), Alternating-Current Series Motors (Page-229), Summary Review of Units 17-20 (Page-235)Glossary (Page-243), Index (Page-251). |
| 942 ## - ADDED ENTRY ELEMENTS (KOHA) | |
| Source of classification or shelving scheme | |
| Koha item type | Book |
| Call number suffix | 537,ALE |
| Withdrawn status | Lost status | Source of classification or shelving scheme | Damaged status | Not for loan | Permanent Location | Current Location | Shelving location | Date acquired | Total Checkouts | Full call number | Barcode | Date last seen | Price effective from | Koha item type | Public note |
|---|---|---|---|---|---|---|---|---|---|---|---|---|---|---|---|
| Military College of Signals (MCS) | Military College of Signals (MCS) | General Stacks | 11/30/2022 | 537,ALE | MCS5469 | 11/30/2022 | 11/30/2022 | Book | Almirah No.16, Shelf No.4 |
